Devine le joueur grâce à ses clubs #Facile 1 - Statistiques

Statistiques générales
  • Ce quiz a été pris 252 fois
  • Le résultat moyen est 9 sur 10
Statistiques - réponses
Par images Réponse % Correct
Cristiano Ronaldo
100%
Neymar
96%
Ibrahimovic
93%
Modric
91%
Pogba
87%
Iniesta
86%
Henry
85%
Varane
83%
Zidane
83%
Rooney
81%
Aucun quiz correspondant
Distribution des résultats
% des personnes avec chaque résultat
Percentile par nombre de réponses
Votre historique - résultats
Vous n’avez pas pris ce quiz